Top 50 najpopularniejszych seriali na Netflixie - Statystyki

Ogólne statystyki
  • Ten quiz został rozwiązany 2 462 razy
  • Średni wynik to 13 z 50
Statystyki odpowiedzi
Odpowiedź % Poprawnych
Stranger Things
81%
Dom z papieru
77%
Riverdale
60%
Sex Education
55%
Squid Game
55%
Lucyfer
52%
Breaking Bad
51%
Szkoła dla Elity
47%
Ty
47%
The 100
41%
The Walking Dead
37%
Peaky Blinders
36%
Ania, nie Anna
34%
The Umbrella Academy
34%
Wiedźmin
34%
Outer Banks
33%
Ginny and Georgia
32%
Dark
30%
Gambit Królowej
30%
Orange is the new black
30%
Teen Wolf
30%
The Good Doctor
26%
Dynastia
25%
Jeszcze nigdy
24%
Emily w Paryżu
24%
Bridgertonowie
23%
Cobra Kai
21%
Trzynaście powodów
20%
The Rain
19%
Insatiable
16%
Shadowhunters
16%
Chilling Adventures of Sabrina
14%
Ozark
14%
Kto zabił Sarę?
13%
Good girls
13%
Sherlock
13%
Locke and Key
12%
On my block
11%
All of Us Are Dead
10%
Jane the Virgin
10%
Flash
8%
Toy Boy
8%
Sex Life
7%
Alice in Borderland
6%
Rzymskie dziewczyny
6%
The Order
6%
Greenhouse Academy
5%
Julie and the Phantoms
3%
My name
2%
The End of F***ing World
1%
Nie znaleziono quizów pasujących do podanych kryteriów
Rozkład punktacji
Procent ludzi z każdym wynikiem
Percentyl według liczby udzielonych odpowiedzi
Twoja historia wyników
Nie rozwiązałeś tego quizu